000
00317nam a2200109Ia 4500
008
200302s9999 xx 000 0 und d
100
_a
Helena Casanova and Other
245
_a
Public space acupuncture strategies and interventions for activating city life
260
_b
Actar Publishers
260
_c
2014
300
_a
324
999
_c
6047
_d
6047